Oxford learner's dictionary of academic English / (Record no. 19049)
[ view plain ]
| 000 -LEADER | |
|---|---|
| fixed length control field | 02025cac a22004215a 4500 |
| 001 - CONTROL NUMBER | |
| control field | 016628621 |
| 003 - CONTROL NUMBER IDENTIFIER | |
| control field | EG-ScBUE |
| 005 - DATE AND TIME OF LATEST TRANSACTION | |
| control field | 20220512094000.0 |
| 006 - FIXED-LENGTH DATA ELEMENTS--ADDITIONAL MATERIAL CHARACTERISTICS--GENERAL INFORMATION | |
| fixed length control field | m||||fq||h 00| 0 |
| 008 - FIXED-LENGTH DATA ELEMENTS--GENERAL INFORMATION | |
| fixed length control field | 140203r20182014enk f bd 000 0 eng d |
| 020 ## - INTERNATIONAL STANDARD BOOK NUMBER | |
| International Standard Book Number | 9780194333504 (pBook) |
| 020 ## - INTERNATIONAL STANDARD BOOK NUMBER | |
| International Standard Book Number | 9780194333498 (CD) |
| 040 ## - CATALOGING SOURCE | |
| Original cataloging agency | StDuBDS |
| Language of cataloging | eng |
| Description conventions | rda |
| Transcribing agency | StDuBDS |
| Modifying agency | EG-ScBUE |
| -- | EG-ScBUE |
| 082 04 - DEWEY DECIMAL CLASSIFICATION NUMBER | |
| Classification number | 423 |
| Item number | OXF |
| Edition number | 22 |
| 245 00 - TITLE STATEMENT | |
| Title | Oxford learner's dictionary of academic English / |
| Statement of responsibility, etc | chief editor Diana Lea ; senior editor Victoria Bull ; development editor Suzanne Webb ; editor Robert Duncan. |
| 246 34 - VARYING FORM OF TITLE | |
| Title proper/short title | Oxford learner's dictionary of academic English : |
| Remainder of title | improve your writing with Oxford academic iWriter |
| 250 ## - EDITION STATEMENT | |
| Edition statement | Reprint edition. |
| 264 #1 - PUBLICATION, DISTRIBUTION, ETC. (IMPRINT) | |
| Place of publication, distribution, etc | Oxford, United Kingdom : |
| Name of publisher, distributor, etc | Oxford University Press, |
| Date of publication, distribution, etc | 2018. |
| 300 ## - PHYSICAL DESCRIPTION | |
| Extent | 1 volume (various pagings) ; |
| Dimensions | 24 cm + |
| Accompanying material | 1 CD |
| 336 ## - CONTENT TYPE | |
| Source | rdacontent |
| Content type term | text |
| Content type code | txt |
| 336 ## - CONTENT TYPE | |
| Source | rdacontent |
| Content type term | sounds |
| Content type code | snd |
| 337 ## - MEDIA TYPE | |
| Source | rdamedia |
| Media type term | unmediated |
| Media type code | n |
| 337 ## - MEDIA TYPE | |
| Source | rdamedia |
| Media type term | audio |
| Media type code | s |
| 338 ## - CARRIER TYPE | |
| Source | rdacarrier |
| Carrier type term | volume |
| Carrier type code | nc |
| 338 ## - CARRIER TYPE | |
| Source | rdacarrier |
| Carrier type term | computer disc |
| Carrier type code | cd |
| 504 ## - BIBLIOGRAPHY, ETC. NOTE | |
| Bibliography, etc | Includes bibliographic references. |
| 520 ## - SUMMARY, ETC. | |
| Summary, etc | This title presents an in-depth treatment of over 22,000 words, phrases and meanings. Informed by the 85-million-word Oxford Corpus of academic English, which includes a broad range of textbooks and academic journals from 26 different disciplines within the subject areas of humanities, social sciences, life sciences and physical sciences. Corpus-based examples show words in genuine academic contexts and help students use words correctly. |
| 590 ## - LOCAL NOTE (RLIN) | |
| Local note | eman |
| 650 #7 - SUBJECT ADDED ENTRY--TOPICAL TERM | |
| Topical term or geographic name as entry element | English language |
| Form subdivision | Dictionaries. |
| Source of heading or term | BUEsh |
| 650 #7 - SUBJECT ADDED ENTRY--TOPICAL TERM | |
| Topical term or geographic name as entry element | Academic language |
| Form subdivision | Dictionaries. |
| Source of heading or term | BUEsh |
| 653 ## - INDEX TERM--UNCONTROLLED | |
| Arrived date list | March2015 |
| -- | October2015 |
| -- | December2015 |
| 655 ## - INDEX TERM--GENRE/FORM | |
| Form subdivision | Reading book |
| 9 (RLIN) | 34232 |
| 700 1# - ADDED ENTRY--PERSONAL NAME | |
| Personal name | Lea, Diana, |
| Relator term | editor. |
| 9 (RLIN) | 21644 |
| 700 1# - ADDED ENTRY--PERSONAL NAME | |
| Personal name | Bull, Victoria, |
| Relator term | editor. |
| 9 (RLIN) | 34569 |
| 700 1# - ADDED ENTRY--PERSONAL NAME | |
| Personal name | Webb, Suzanne S, |
| Relator term | editor. |
| 700 1# - ADDED ENTRY--PERSONAL NAME | |
| Personal name | Duncan, Robert, |
| Relator term | editor. |
| 942 ## - ADDED ENTRY ELEMENTS (KOHA) | |
| Source of classification or shelving scheme | Dewey Decimal Classification |
| Call number prefix | 423 OXF |
| Koha item type | Reference (NB) |
| Withdrawn status | Lost status | Source of classification or shelving scheme | Damaged status | Not for loan | Collection code | Home library | Current library | Shelving location | Date acquired | Source of acquisition | Cost, normal purchase price | Total Checkouts | Full call number | Barcode | Date last seen | Cost, replacement price | Koha item type | Materials specified (bound volume or other part) | Price effective from |
|---|---|---|---|---|---|---|---|---|---|---|---|---|---|---|---|---|---|---|---|
| Dewey Decimal Classification | Baccah | Central Library | Central Library | Ground Floor | 17/03/2015 | 180.00 | 423 OXF | 000037588 | 15/07/2025 | 225.00 | Reference (NB) | ||||||||
| Dewey Decimal Classification | Baccah | Central Library | Central Library | Second Floor | 17/03/2015 | 423 OXF | 000037661 | 24/08/2022 | CD | DVD - With book (NB) | Lost In Inventory_2015-8-23 | |||||||||
| Dewey Decimal Classification | Baccah | Central Library | Central Library | Ground Floor | 01/10/2015 | Purchase | 423 OXF | 000031008 | 15/07/2025 | Reference (NB) | 01/10/2015 | ||||||||
| Dewey Decimal Classification | Baccah | Central Library | Central Library | Second Floor | 01/10/2015 | Purchase | 423 OXF | 000031009 | 24/08/2022 | CD | DVD - With book (NB) | 01/10/2015 | ||||||||
| Dewey Decimal Classification | Baccah | Central Library | Central Library | Ground Floor | 01/12/2015 | Purchase | 423 OXF | 000031468 | 15/07/2025 | Reference (NB) | 01/12/2015 | ||||||||
| Dewey Decimal Classification | Baccah | Central Library | Central Library | Second Floor | 01/12/2015 | Purchase | 423 OXF | 000031469 | 24/08/2022 | CD | DVD - With book (NB) | 01/12/2015 |